000 00709nam a2200265 a 4500
003 AR-BaBNM
005 20251128204644.0
008 082120s2002 ||||||||||||||000 | spa||
020 _a956-13-0490-1
040 _cAR-BaBNM
100 1 _aBurnett, Frances Hodgson
245 0 0 _aEl pequeño lord Fauntleroy
250 _a2ª ed.
260 _aSantiago de Chile
_bEditorial Andrés Bello
_c1993
300 _a149 p.
_bil.
500 _aContiene biografía de la autora
650 4 _aLITERATURA INFANTIL
650 4 _aLITERATURA ESTADOUNIDENSE
650 4 _aADOLESCENCIA
651 4 _aReino Unido
655 _aLITERATURA
700 1 _aOsorio, Eduardo
_eilustrador
942 _cBK
998 _cisola
999 _c8249
_d8249